000
00233nam a22001097a 4500
999
_c
260940
_d
260939
020
_a
9780545202732
100
_a
Holly Webb
245
_a
Lost in the Snow
260
_a
New York
_b
Scholastic
_c
2006
300
_a
121 pgs
942
_c
BK